000 00403nam a22001577a 4500
999 _c8014
_d8012
005 20220616133910.0
008 220616b ||||| |||| 00| 0 eng d
020 _a97815-43346-10-7
041 _aeng
100 _aKUMUDHAVALLI, DR.M.V. AND OTHERS
_97300
245 _aBIOCHEMISTRY AND CLINCAL PATHOLOGY
260 _bS. VIKAS AND COMPANY
300 _a141;p
650 _aPHARMACY
_97301
942 _cBK